000 00956nam a2200241 i 4500
001 82266
003 ES-MaACL
007 t|
008 041214s2002 sp ||||1| spa d
020 _a84-95170-38-8
080 _a728.82(086)
245 0 4 _aLos mejores palacios y castillos (2) [
_hRecurso electrónico].
260 _aMadrid :
_bDolmen,
_c[2001]
300 _a1 disco compacto (CD-ROM) :
_bson., col. ;
_c12 cm.
490 1 _aObras maestras ;
_v3. Arquitectura
500 _aRequisitos mínimos: PC Pentium II a 200 Mhz; 32 Mb. de RAM; Tarjeta gráfica de 4 Mb. (1024x768,16 bits) y monitor 1024 x 768; CD-Rom 16x o superiores; Tarjeta de sonido; Funciona con sistema Operativo Windows 95 o posterior.
650 1 4 _aArquitectura-
_vCD-ROM.
_99992
650 1 4 _aCastillos-
_vCD-ROM.
_910826
650 1 4 _aPalacios-
_vCD-ROM.
_915797
830 0 _aObras maestras ;
_v3. Arquitectura
_9181001
852 _aES-MaACL
_jROT 1/1/3
999 _c82266
_d82266